01143 a2200205 450000100040000000500170000400800410002100300150006204000400007708000930011724500920021002000220030226400350032430000190035950503190037804100080069710000350070570000220074085601750076216420260407155414.0260407a2009 arg spa dAR-UNSa-BCEJYS aAR-UNSa-BCEJYSbspacAR-UNSa-BCEJYS a339.92xCooperación económica internacional. Integración económica internacional10aLos difíciles caminos de la integración entre América Latina y la Unión Europea a978-950-29-1144-1 1aBuenos Aires :bCEINLADIc2009 a115 p.c19 cm. a1. La integración política en Europa y en América del Sur - 2. La comunidad Europea y los vínculos con América Latina - 3. Relaciones comerciales y financieras entre los principales bloques regionales de América Latina y la Unión Europea (Mercosur, CAN y UE). Un análisis frente a la crisis de 2008 aspa1 aMonserrat Llairó, María de1 aPalacio, Priscila41uhttps://biblioeco.unsa.edu.ar/pmb/images/libros/Los dificiles caminos de la integracion entre america latina y la union europea-l117454.jpgyImagen de portadaqimage/jpeg